|
|
|
|
| LEADER |
01538cas a2200241 a 4500 |
| 001 |
AALejournalIMF006445 |
| 008 |
230101c9999 xx r poo 0 0eng d |
| 020 |
|
|
|c 5.00 USD
|
| 020 |
|
|
|z 9781455203536
|
| 022 |
|
|
|a 1934-7685
|
| 040 |
|
|
|a BD-DhAAL
|c BD-DhAAL
|
| 110 |
2 |
|
|a International Monetary Fund.
|
| 245 |
1 |
0 |
|a Tunisia :
|b Selected Issues.
|
| 264 |
|
1 |
|a Washington, D.C. :
|b International Monetary Fund,
|c 2010.
|
| 300 |
|
|
|a 1 online resource (14 pages)
|
| 490 |
1 |
|
|a IMF Staff Country Reports
|
| 500 |
|
|
|a <strong>Off-Campus Access:</strong> No User ID or Password Required
|
| 500 |
|
|
|a <strong>On-Campus Access:</strong> No User ID or Password Required
|
| 506 |
|
|
|a Electronic access restricted to authorized BRAC University faculty, staff and students
|
| 520 |
3 |
|
|a Tunisia's reliance on European countries for export earnings, tourism, remittances, and foreign direct investment inflows has remained high over the last decades. Remittances and tourism receipts have been broadly stable in percent of GDP, with somewhat more fluctuations in the latter caused in part by identifiable political events that harmed tourism in the region. Tunisia's annual growth rate appears to have become increasingly synchronized over time with the annual growth rate of its main European trading partners.
|
| 538 |
|
|
|a Mode of access: Internet
|
| 830 |
|
0 |
|a IMF Staff Country Reports; Country Report ;
|v No. 2010/109
|
| 856 |
4 |
0 |
|z Full text available on IMF
|u http://elibrary.imf.org/view/journals/002/2010/109/002.2010.issue-109-en.xml
|z IMF e-Library
|